Normal view
MARC view
- Arendt, Susan A
Entry Personal Name
001 - CONTROL NUMBER
- control field: 41037
003 - CONTROL NUMBER IDENTIFIER
- control field: NUST
005 - DATE AND TIME OF LATEST TRANSACTION
- control field: 20210314131941.0
008 - FIXED-LENGTH DATA ELEMENTS
- fixed length control field: 210314|| aca||aabn | a|a d
040 ## - CATALOGING SOURCE
- Original cataloging agency: NUST
- Transcribing agency: NUST
100 ## - HEADING--PERSONAL NAME
- Personal name: Arendt, Susan A
670 ## - SOURCE DATA FOUND
- Source citation: Work cat.: (NUST): ASTM Committee F13 on Pedestrian/Walkway Safety and Footwear. 41035, ASTM standards on occupational footwear protection /, 2006.
